|
|
|
|
| LEADER |
00949nam a22002297a 4500 |
| 001 |
42101 |
| 003 |
BD-DhAAL |
| 008 |
240117t1984 bg ||||| |||| 00| 0 ben d |
| 040 |
|
|
|a BD-DhAAL
|c BD-DhAAL
|
| 041 |
|
|
|a ben
|
| 082 |
|
|
|a 891.44371
|2 23
|
| 100 |
|
|
|a রেহমান, শফিক.
|9 47319
|
| 245 |
|
|
|a যায় যায় দিন /
|c শফিক রেহমান.
|
| 264 |
|
|
|a ঢাকা :
|c সন্ধানী প্রকাশনী,
|b ১৯৮৪.
|
| 300 |
|
|
|a ৩২১ পৃষ্ঠা ;
|c ২২ সে.মি.
|
| 541 |
|
|
|a Donated by Rebecca Dipa Khan
|e 42101
|
| 650 |
|
|
|a Bengali fiction.
|
| 650 |
|
|
|a Bengali literature.
|
| 852 |
|
|
|a Ayesha Abed Library
|c General Stacks
|
| 942 |
|
|
|2 ddc
|c BK
|
| 999 |
|
|
|c 46307
|d 46307
|
| 952 |
|
|
|0 0
|1 0
|2 ddc
|4 0
|6 891_443710000000000_REH
|7 0
|9 74962
|a BRACUL
|b BRACUL
|c GEN
|d 2024-01-17
|e Donated By Rebecca Dipa Khan
|g 70.00
|l 2
|m 3
|o 891.44371 REH
|p 3010042101
|r 2024-12-04
|s 2024-11-13
|t 1
|w 2024-01-17
|y BK
|